00348nam a2200109Ia 4500008004100000082000800041100002000049245005300069942000600122952009500128999001500223240331s9999 xx 000 0 und d bTHI aThiruchandran,S 0aStories from the diaspora :btamil women writing cL 001040708LaWERCLbWERCLcSSCd2024-03-31l0o 800 THIp5598r2024-03-31w2024-03-31yL c4468d4468